Colleges of the University of Cambridge (w/ logos) - Statistics

General Stats
  • This quiz has been taken 134 times
  • The average score is 25 of 31
Answer Stats
Picture Answer % Correct
Emmanuel
95%
King's
90%
Girton
89%
St John's
89%
Trinity
88%
Clare
87%
Queen's
87%
Christ's
86%
Corpus Christi
86%
Jesus
86%
Trinity Hall
86%
Churchill
84%
Peterhouse
83%
Fitzwilliam
82%
Clare Hall
81%
Downing
81%
Gonville and Caius
81%
Pembroke
81%
Newnham
80%
St Catharine's
80%
Homerton
79%
Darwin
78%
Hughes Hall
78%
Lucy Cavendish
78%
Robinson
76%
Selwyn
76%
Magdalene
73%
Murray Edwards
73%
Sidney Sussex
72%
Wolfson
71%
St Edmund's
70%
No matching quizzes found
Score Distribution
Percent of People with Each Score
Percentile by Number Answered
Your Score History
You have not taken this quiz